Länder in Sechsecken der Weltkarte - Statistiken

Allgemein
  • Dieses Quiz wurde 113.002 mal gespielt
  • Das Durchschnittsergebnis liegt bei 123 aus 144
Antworten auf der Karte
Die Antworten werden auf der Karte rot bzw. grün angezeigt, abhängig davon wie oft sie richtig erraten wurden.
 
Antwortstatistiken
Länder % Korrekt
Antigua und Barbuda | Bahamas | Barbados | Dominica | Dominikanische Republik | Frankreich | Grenada | Haiti | Jamaika | Kolumbien | Kuba | Niederlande | St. Kitts und Nevis | St. Lucia | St. Vincent und die Grenadinen | Trinidad und Tobago | Venezuela | Vereinigte Staaten
99%
Bahamas | Belize | Guatemala | Jamaika | Kuba | Mexiko | Vereinigte Staaten
99%
Belarus | Bosnien und Herzegowina | Deutschland | Italien | Kroatien | Lettland | Litauen | Moldawien | Österreich | Polen | Rumänien | Russland | Schweden | Serbien | Slowakei | Slowenien | Tschechien | Ukraine | Ungarn
99%
Kanada | Vereinigte Staaten
99%
Afghanistan | Armenien | Aserbaidschan | Georgien | Irak | Iran | Kasachstan | Russland | Türkei | Turkmenistan | Usbekistan
98%
Armenien | Aserbaidschan | Bulgarien | Georgien | Iran | Moldawien | Rumänien | Russland | Türkei | Ukraine
98%
Belarus | Estland | Finnland | Lettland | Russland | Ukraine
98%
China | Japan | Nordkorea | Russland | Südkorea
98%
China | Japan | Russland
98%
China | Kasachstan | Mongolei | Russland
98%
China | Mongolei | Russland
98%
Estland | Finnland | Lettland | Norwegen | Russland | Schweden
98%
Finnland | Norwegen | Russland
98%
Kasachstan | Russland
98%
Kasachstan | Russland | Usbekistan
98%
Mexiko | Vereinigte Staaten
98%
Mongolei | Russland
98%
Russland
98%
Andorra | Belgien | Deutschland | Frankreich | Italien | Liechtenstein | Luxemburg | Monaco | Österreich | San Marino | Schweiz | Spanien | Vatikanstadt | Vereinigtes Königreich
97%
Belgien | Dänemark | Deutschland | Niederlande | Norwegen | Schweden | Vereinigtes Königreich
97%
Dänemark | Kanada
97%
Kanada
97%
Vereinigte Staaten
97%
Afghanistan | China | Indien | Iran | Nepal | Pakistan | Tadschikistan | Turkmenistan | Usbekistan
96%
Argentinien | Bolivien | Brasilien | Chile | Paraguay | Peru
96%
Argentinien | Brasilien | Paraguay | Uruguay
96%
Bangladesch | Bhutan | China | Indien | Myanmar | Nepal
96%
Bolivien | Brasilien | Kolumbien | Peru
96%
Brasilien | Frankreich | Suriname
96%
Brasilien | Guyana | Kolumbien | Peru | Suriname | Trinidad und Tobago | Venezuela
96%
Afghanistan | China | Kasachstan | Kirgisistan | Tadschikistan | Turkmenistan | Usbekistan
95%
Bolivien | Brasilien
95%
Brasilien
95%
China | Kambodscha | Laos | Myanmar | Thailand | Vietnam
95%
China | Mongolei
95%
China | Philippinen | Taiwan
95%
Australien | Indonesien | Osttimor
94%
Australien | Indonesien | Papua-Neuguinea
94%
Australien | Neuseeland
94%
China | Myanmar
94%
Argentinien | Chile | Uruguay
93%
Argentinien | Chile | Vereinigtes Königreich
93%
Australien
93%
Belize | Costa Rica | El Salvador | Guatemala | Honduras | Kolumbien | Mexiko | Nicaragua | Panama | Venezuela
93%
Indien | Indonesien | Myanmar | Sri Lanka | Thailand
93%
Ägypten | Albanien | Bosnien und Herzegowina | Bulgarien | Griechenland | Italien | Kosovo | Kroatien | Libyen | Malta | Montenegro | Nordmazedonien | Rumänien | Serbien | Tunesien | Türkei
92%
Guatemala | Mexiko
92%
Ägypten | Algerien | Libyen | Niger | Sudan | Tschad
91%
Ägypten | Irak | Iran | Israel | Jordanien | Kuwait | Libanon | Saudi-Arabien | Syrien | Türkei | Zypern
91%
Algerien | Libyen | Marokko | Spanien | Tunesien
91%
Algerien | Mali | Marokko | Mauretanien | Spanien
91%
Dänemark | Island
91%
Indien | Malediven | Sri Lanka
91%
Marokko | Portugal | Spanien
91%
Ägypten | Äthiopien | Dschibuti | Eritrea | Jemen | Saudi-Arabien | Somalia | Sudan | Südsudan
90%
Botswana | Eswatini | Madagaskar | Malawi | Mosambik | Simbabwe | Südafrika
90%
Indien | Pakistan
90%
Botswana | Lesotho | Namibia | Südafrika
89%
Demokratische Republik Kongo | Kamerun | Niger | Nigeria | Sudan | Südsudan | Tschad | Zentralafrikanische Republik
88%
Algerien | Benin | Burkina Faso | Ghana | Mali | Mauretanien | Niger | Nigeria | Togo
86%
Demokratische Republik Kongo | Frankreich | Kenia | Komoren | Malawi | Mosambik | Sambia | Tansania
86%
Äthiopien | Demokratische Republik Kongo | Kenia | Somalia | Sudan | Südsudan | Tansania | Uganda
85%
Afghanistan | Bahrain | Iran | Jemen | Katar | Kuwait | Oman | Pakistan | Saudi-Arabien | Vereinigte Arabische Emirate
84%
Frankreich | Madagaskar | Mauritius
84%
Ecuador | Kolumbien | Peru
83%
Dänemark
82%
Angola | Burundi | Demokratische Republik Kongo | Gabun | Kamerun | Republik Kongo | Ruanda | Tansania | Uganda | Zentralafrikanische Republik
81%
Brunei | Indonesien | Kambodscha | Malaysia | Singapur | Thailand | Vietnam
81%
Angola | Botswana | Demokratische Republik Kongo | Mosambik | Namibia | Sambia | Simbabwe
80%
Irland | Vereinigtes Königreich
80%
Äquatorial-Guinea | Benin | Burkina Faso | Elfenbeinküste | Gabun | Ghana | Kamerun | Liberia | Nigeria | São Tomé und Príncipe | Togo
79%
Föderierte Staaten von Mikronesien | Indonesien | Palau
77%
Burkina Faso | Elfenbeinküste | Gambia | Guinea | Guinea-Bissau | Kap Verde | Liberia | Mali | Mauretanien | Senegal | Sierra Leone
75%
Indonesien
75%
Indonesien | Osttimor
75%
Chile
74%
Peru
74%
Neuseeland
72%
Äthiopien | Jemen | Oman | Somalia
69%
Japan
69%
Fidschi | Frankreich | Tonga | Vanuatu
65%
Malaysia | Palau | Philippinen
62%
Frankreich | Salomonen | Vanuatu
57%
Fidschi | Kiribati | Salomonen | Tuvalu | Vanuatu
49%
Portugal
45%
Föderierte Staaten von Mikronesien | Nauru | Papua-Neuguinea | Salomonen
44%
Föderierte Staaten von Mikronesien | Marshallinseln
37%
Kap Verde
36%
Kiribati | Marshallinseln
35%
Seychellen
31%
Kiribati
29%
Angola
28%
Samoa | Tonga
25%
Marshallinseln
20%
Keine übereinstimmenden Quizze gefunden
Verteilung der Resultate
Anzahl Personen mit jedem Resultat
Perzentil nach korrekt beantworteten Fragen
Ihre Resultats-Entwicklung
Sie haben dieses Quiz noch nicht gespielt